Seminár "Perspektívy rozvoja a využitia finančnej a poistnej matematiky vo výučbe a praxi" a výstava "História poisťovníctva"

Informácia o akciách uvedených v názve príspevku, ktoré sa uskutočnili v dňoch 17.-20.5.1993 v priestoroch Ekonomickej univerzity v Bratislave. Na seminári odznelo 20 odborných referátov z finančnej a poistnej matematiky. Na výstave bola prezentovaná história slovenského poisťovníctva od r.1919.

Na minha lista:
Detalhes bibliográficos
Autor principal: Čejková, Viktória
Outros Autores: Huťka, Vladimír
Formato: Capítulo de Livro
Idioma:eslovaco
Assuntos:
Tags: Adicionar Tag
Sem tags, seja o primeiro a adicionar uma tag!

MARC

LEADER 00000naa a2200000 4500
001 r024472
005 20221213082937.1
041 0 |a slo 
044 |a CZ 
245 1 0 |a Seminár "Perspektívy rozvoja a využitia finančnej a poistnej matematiky vo výučbe a praxi" a výstava "História poisťovníctva"  |c Viktória Čejková, Vladimír Huťka 
520 |a Informácia o akciách uvedených v názve príspevku, ktoré sa uskutočnili v dňoch 17.-20.5.1993 v priestoroch Ekonomickej univerzity v Bratislave. Na seminári odznelo 20 odborných referátov z finančnej a poistnej matematiky. Na výstave bola prezentovaná história slovenského poisťovníctva od r.1919. 
610 2 0 |a semináre 
610 2 0 |a výstavy 
610 2 0 |a poisťovníctvo 
610 2 0 |a Ekonomická univerzita v Bratislave 
610 2 0 |a 1993 
610 2 0 |a 1919-1993 
610 2 0 |a Slovensko 
610 2 0 |a história 
610 2 0 |a poisťovne 
610 2 0 |a matematika finančná 
100 1 |a Čejková, Viktória 
700 1 |a Huťka, Vladimír